| 000 | 00349nam a22001337a 4500 | ||
|---|---|---|---|
| 082 |
_a894.812 _bVAL/T |
||
| 100 | _aVALIYAVEETTIL, ANILKUMAR | ||
| 245 | _aTHEEYATTILEKKU ORETHINOTTAM | ||
| 246 |
_aTHEEYATTILEKKU ORETHINOTTAM _bTHEEYATTILEKKU ORETHINOTTAM |
||
| 260 |
_aINDIA _bGAYATRI _c2013 |
||
| 300 | _a60 | ||
| 650 | _aMALAYALAM STUDY | ||
| 942 | _cBK | ||
| 999 |
_c8899 _d8899 |
||